00448nam a22001692 4500001001100000005001700011008004100028020001700069040001500086100003200101245005100133250001300184260003900197300001200236650002700248852000300275000002157720151021151143.0120723s xx 000 0 eng d a1850492047 : aKABUcKABU1 aOlyott, Stuart.@000018251310aPreaching :bpure and simple /cStuart Olyott. a1st ed. aBridgend, UK :bBryntirion,c2005. a188 p. 0aPreaching.@00001482721